Statistiques concernant Pays d'Europe par capitale

Cliquez ici pour prendre le quiz!

Statistiques générales

  • Ce quiz a été pris 197 fois
  • Le résultat moyen est 40 sur 45

Statistiques - réponses

CapitalePays% Correct
BerlinAllemagne
99%
Andorre-la-VieilleAndorre
99%
BruxellesBelgique
99%
AthènesGrèce
99%
AmsterdamPays-Bas
99%
MadridEspagne
97%
ParisFrance
97%
DublinIrlande
97%
LuxembourgLuxembourg
97%
LisbonnePortugal
97%
LondresRoyaume-Uni
97%
BerneSuisse
97%
OsloNorvège
96%
MoscouRussie
96%
CopenhagueDanemark
95%
HelsinkiFinlande
95%
RomeItalie
95%
MonacoMonaco
95%
BucarestRoumanie
94%
KievUkraine
94%
BudapestHongrie
92%
Saint-MarinSaint-Marin
91%
StockholmSuède
91%
La ValetteMalte
89%
PragueRépublique tchèque
89%
ReykjavikIslande
87%
VaticanVatican
87%
VienneAutriche
86%
VarsoviePologne
86%
SofiaBulgarie
84%
BelgradeSerbie
83%
BratislavaSlovaquie
83%
LjubljanaSlovénie
82%
MinskBiélorussie
81%
RigaLettonie
81%
SarajevoBosnie-Herzégovine
79%
ChișinăuMoldavie
79%
ZagrebCroatie
78%
PristinaKosovo
78%
TallinnEstonie
77%
TiranaAlbanie
75%
VilniusLituanie
75%
SkopjeMacédoine
75%
PodgoricaMonténégro
75%
VaduzLiechtenstein
68%

Distribution des résultats

Percentile par nombre de réponses

% des personnes avec chaque résultat

Votre développement - résultats

Vous n’avez pas pris ce quiz